000
00258nam a2200097Ia 4500
001
655226
005
20250826154533.0
008
250824s9999 xx 000 0 und d
245
0
_a
Kangurular Ülkesi Avustralya ya Yolculuk
_c
Gülten Dayıoğlu
260
_b
ALTIN
999
_c
655226
_d
655226